Statistics for NFL - 2023-2024 49ers Roster

Click here to take the quiz!

General Stats

  • This quiz has been taken 290 times
  • The average score is 15 of 25

Answer Stats

HintAnswer% Correct
QBBrock Purdy
100%
WRDeebo Samuel
98%
RBChristian McCaffrey
94%
TEGeorge Kittle
94%
WRBrandon Aiyuk
93%
DENick Bosa
88%
MLBFred Warner
85%
LTTrent Williams
85%
CBCharvarius Ward
70%
LBDre Greenlaw
70%
KJake Moody
69%
FBKyle Juszczyk
66%
DEChase Young
63%
DTArik Armstead
58%
DTJavon Hargrave
51%
SSJi'Ayir Brown
37%
WRRay-Ray McCloud III
37%
PMitch Wishnowsky
36%
CBDeommodore Lenoir
33%
LGAaron Banks
31%
CJake Brendel
31%
RTColton McKivitz
26%
RGSpencer Burford
26%
FSTashaun Gipson Sr.
21%
LBOren Burks
20%

Score Distribution

Percentile by Number Answered

Percent of People with Each Score

Your Score History

You have not taken this quiz